| 000 | 003040000a22001090004500 | ||
|---|---|---|---|
| 090 |
_aAR _b04791 |
||
| 100 | 1 |
_aBaroni Urbani, Cesare _998956 |
|
| 245 | 1 | 0 | _aStatistical table for the degree of coesistence between two species |
| 041 | 0 | _aInglés | |
| 942 | _cARTICULO | ||
| 773 | 1 |
_tOecologia _q287-289 _d1980 _g44 |
|
| 999 |
_c13891 _d13891 |
||